01421nam a2200409 i 450000100060000000300080000600500170001400600190003100700150005000800410006502000180010602000270012403500230015103500240017403500250019803500210022304000310024405000230027508000070029808200120030510000190031724500980033626400680043430000370050233600310053933700330057033800430060350000220064650400290066858801280069765000180082565000300084365000180087365000310089165500270092285600620094947804FlNmELB20241216231908.0m o d | cr cnu||||||||150202s2014 sp ob 001 0 spa d z9788484541110 a9788416312078 (e-book) a(MiAaPQ)EBC3227062 a(Au-PeEL)EBL3227062 a(CaPaEBR)ebr11002454 a(OCoLC)992054279 aFINmELBbspaerdacFINmELB 4aNA2500b.C146 2014 a720 a7202231 aCalduch, Juan.10aTemas de composición arquitectónica.nvolumen 9,pNaturaleza y artefacto /cJuan Calduch. 1aSan Vicente (Alicante) :bEditorial Club Universitario,c[2014] a1 recurso en línea (9 volumen) atextobtxt2rdacontent/spa acomputadorabc2rdamedia/spa arecurso en líneabcr2rdacarrier/spa aIncluye índice. aContiene bibliografía. aDescripción basada en recurso en línea; Título de la página del título en PDF (e-libro, visto February 02, 2015). 0aArchitecture. 0aArchitecturexPhilosophy. 4aArquitectura. 4aArquitecturaxFilosofía. 4aLibros electrónicos.40uhttps://elibro.net/ereader/politecnicointernacional/43979